| 000 | 00487nam a2200157 i 4500 | ||
|---|---|---|---|
| 001 | 87433 | ||
| 003 | ES-MaACL | ||
| 005 | 20230906175654.0 | ||
| 007 | t| | ||
| 008 | 041221s1957 sp ||||1| ger d | ||
| 100 | 1 |
_aKucera, Enrique. _968945 |
|
| 245 | 1 | 0 |
_aBuch des reisenden _b: die Costa Brava, die spanische Riviera / _cvon Heinrich Kucera. |
| 260 |
_aBarcelona : _bEnrique Kucera, _c[1957] ( _fS.A.D.A.G.) |
||
| 300 |
_a63 p. : _bil. ; _c14 cm. |
||
| 852 |
_aES-MaACL _jD-6222 _bR.41044 |
||
| 999 |
_c87433 _d87433 |
||